| 000 | 00443 a2200169 4500 | ||
|---|---|---|---|
| 005 | 20250628081924.0 | ||
| 020 | _a0-07-825155-9 | ||
| 082 | _a381.33 LOW | ||
| 100 | _aLOWE, E. R | ||
| 245 | _aConsumer Education & Economics | ||
| 250 | _a5Th Ed. | ||
| 260 |
_aNew York _bMcGraw-Hill Irwin _c2003. |
||
| 300 |
_a640p.: ill.; figures, pictures _bIndex _c25cm |
||
| 700 | _aCharles A. Malouf | ||
| 700 | _aAnnette R. Jacobson | ||
| 942 |
_2ddc _cBKS |
||
| 999 |
_c5881 _d5881 |
||